000 00955nac a22002651i 4500
003 EG-ScBUE
005 20241118110918.0
008 241118t1991 caua f b 001 0 eng d
020 _a0534130143
040 _aEG-ScBUE
_beng
_erda
_cEG-ScBUE
_dEG-ScBUE
082 0 4 _a519.4
_bKIN
_222
100 1 _aKincaid, David,
_eauthor.
245 1 0 _aNumerical analysis :
_bmathematics of scientific computing /
_cDavid Kincaid and Ward Cheney, The University of Texas at Austin.
264 1 _aPacific Grove, California :
_bBrooks/Cole,
_c[1991]
264 4 _ac1991
300 _aviii, 690 pages :
_billustrations ;
_c25 cm
336 _2rdacontent
_atext
_btxt
337 _aunmediated
_2rdamedia
_bn
338 _avolume
_bnc
_2rdacarrier
504 _aIncludes bibliographical references and index.
650 7 _aNumerical analysis.
_2BUEsh
655 _vReading book
700 1 _aCheney, E. W.
_q(Elliott Ward),
_d1929-
_eauthor.
942 _cBB
_2ddc
999 _c6442
_d6442